000 00812nam a2200229Ii 4500
003 JO-AjNU
008 230605s9999||||xx |||||||||||||| ||und||
017 _a2009/9/4103
020 _a978-9957-11-847-1
040 _aJO-AjNU
_bara
_erda
_cJO-AjNU
041 _aara
050 1 4 _aQA76.H3724 2011
100 3 _aالزعبي،محمد بلال/م مشارك احمد الشرايعة ,
_eauthor
_932941
245 0 0 _aالحاسوب والبرمجيات الجاهزة مهارات الحاسوب=computer Skill
250 _aط9
264 3 1 _aعمان:دار وائل للنشر والتوزيع،2011
300 _a538ص
336 _atext
_btxt
_2rdacontent
337 _aunmediated
_bn
_2rdamedia
338 _avolume
_bnc
_2rdacarrier
650 4 _aبرمجيات الحاسوب-الحواسيب
_932942
999 _aA13356
_c16924
_d16924